02051nam a2200253Ia 4500001001300000003001000013005001700023008004100040040002500081041000700106100003700113245011900150260003100269300001200300500007400312520106000386650001101446654001301457700013401470942001201604999001901616999000701635952015501642b7116-53166 IT-MiCISF20250625120726.0161014s9999||||xx |||||||||||||| ||und|| aIT-MiCISFcIT-MiCISF ait aFondazione Leone Moressa 958124 0aRapporto annuale sull'economia dell'immigrazione.bLa forza del lavoro degli stranieri: esclusione o integrazione? aBologna,bIl Mulino,c2014 app. 211 asocietà-multiculturale, lavoro, famiglia-migranti, giovani reddito  all rapporto tra costi e benefici dell'immigrazione, la competitività tra lavoratori italiani e stranieri e il ruolo degli stranieri nel sistema produttivo nazionale sono temi sempre più al centro del dibattito pubblico. Il quarto rapporto della Fondazione Leone Moressa, attraverso l'analisi delle dinamiche occupazionali, del comportamento finanziario e dell'inclusione economica e sociale degli immigrati, offre un contributo scientifico alla riflessione, utilizzando l'analisi statistica dei dati come strumento per riflettere sulla rilevanza della popolazione straniera nel tessuto economico e produttivo italiano. A completare il rapporto, esperti, studiosi di immigrazione e rappresentanti delle istituzioni approfondiscono il tema dell'inclusione lavorativa degli immigrati: tenendo presente che gli occupati stranieri rappresentano ormai il 10% della forza lavoro complessiva, non è più possibile considerare il lavoro degli immigrati come componente distaccata dalle dinamiche nazionali ma, sempre di più, come parte integrante di esse. alavoro arapporto aKashetu Kyenge C., Solari S., De Noni I., Ganzaroli A., Pilotti L., Forlani N., aMatarese S., Stuppini A., Ambrosini M., 962315 cBK2ddc c209860d209860 bsi 0010406B_71165316671aCISFbCISFd2016-10-14l0ob7116-53166 r2016-10-14 00:00:00w2016-10-14yBKzData import 15.10.2016 / by Epidotti, Vaglietti